000 00537 a2200193 4500
001 61712
005 20260407155907.0
008 260407a1970 arg spa d
003 AR-UNSa-BCEJYS
040 _aAR-UNSa-BCEJYS
_bspa
_cAR-UNSa-BCEJYS
080 _a347.746
_xLetras de cambio
245 1 0 _aLetra de cambio y vale o pagaré
264 1 _aBuenos Aires :
_bEDIAR
_c1970
300 _a3 v. (636 ; 707 ; 726 p.)
_c23 cm.
041 _aspa
942 _cBK
590 _aniveau_biblio:m niveau_hierar:0
100 1 _aCámara, Héctor
999 _c7372
_d7372